|
|
|
|
| LEADER |
02861nam a2200541 i 4500 |
| 001 |
mzk03001241320 |
| 003 |
CZ BrMZK |
| 005 |
20180116115512.0 |
| 007 |
ta |
| 008 |
180116s1751 gw f fr|||||00| ||gerod |
| 040 |
|
|
|a BOA001
|b cze
|e rda
|
| 072 |
|
7 |
|a 27-1/-2
|x Křesťanská teologie. Dogmatická teologie
|2 Konspekt
|9 5
|
| 072 |
|
7 |
|a 094
|x Staré tisky
|2 Konspekt
|9 12
|
| 080 |
|
|
|a 27-1
|2 MRF
|
| 080 |
|
|
|a 14:27
|2 MRF
|
| 080 |
|
|
|a 025.171
|2 MRF
|
| 080 |
|
|
|a (0.068)094
|2 MRF
|
| 100 |
0 |
|
|a Thomas of Ireland,
|d asi 1265-asi 1329
|7 mzk2003199146
|4 aut
|
| 245 |
1 |
0 |
|a Flores doctorum pene omnium, tam Graecorum, quam Latinorum, qui tum in theologia, tum in philosophia hactenus claruerunt /
|c per Thomam Hybernicum, olim summa cum diligentia collecti, ac ordine alphabetico digesti
|
| 264 |
|
1 |
|a Viennae :
|b apud Joan. Paul. Krauss, Bibliopol.,
|c 1752
|
| 300 |
|
|
|a 6 nečíslovaných stran, 816 stran, 8 nečíslovaných stran, 1 nečíslovaná příloha ;
|c 8°
|
| 336 |
|
|
|a text
|b txt
|2 rdacontent
|
| 337 |
|
|
|a bez média
|b n
|2 rdamedia
|
| 338 |
|
|
|a svazek
|b nc
|2 rdacarrier
|
| 500 |
|
|
|a Titulní list tištěn majuskulou
|
| 500 |
|
|
|a Výzdoba: Mědirytinový frontispis (postava dobrého pastýře), titulní list tištěn černě a červeně, vlysy, viněty, ozdobné klišé k iniciále
|
| 500 |
|
|
|a Rozsah: [6], 816, [8] s., [1] příl.
|
| 500 |
|
|
|a Na posledních dvou nečíslovaných listech je nakladatelský seznam: CATALOGUS LIBRORUM qui propriis sumptibus prodierunt & in copia habendi sunt apud Editorem hujus libri Bibliopol. Viennensem, etiam in Nundinis Norimbergae, Francofurti & Lipsiae
|
| 561 |
|
|
|a Provenience: [m.p.] Cpvit. 1754 P. Wenceslaus Winkler Ord. S. B. Rayhrad Professus
|
| 561 |
|
|
|a Provenience: Exlibris se studujícím mnichem
|
| 561 |
|
|
|a Provenience: Rajhradské znakové exlibris
|
| 563 |
|
|
|a Původní usňová vazba, hovězina s rámcem, lepenkové desky, na hřbetě zlacený slepotiskový ornament, zlacený nápisový hřbetní štítek, barevně stříkaná ořízka
|
| 650 |
|
7 |
|a křesťanská teologie
|7 ph115064
|2 czenas
|
| 650 |
|
7 |
|a křesťanská filozofie
|7 ph138449
|2 czenas
|
| 650 |
|
7 |
|a historické knihovní fondy
|7 ph172933
|2 czenas
|
| 655 |
|
7 |
|a staré tisky
|7 fd422076
|2 czenas
|
| 856 |
4 |
2 |
|u http://reader.digitale-sammlungen.de/resolve/display/bsb10744231.html
|y Digitalizovaný dokument
|z Exemplář Bayerische Staatsbibliothek, sign. P.lat. 1947 s
|
| 903 |
|
|
|a RP
|
| 910 |
|
|
|e BOE950
|c R - II. b. 1988
|
| 978 |
|
|
|b Krauss, Johann Paul
|a Wien
|c 1752
|
| 981 |
1 |
|
|a Winkler, Venceslaus,
|8 1754
|c OSB,
|d 1728-1777
|7 mzk2012716634
|
| 982 |
0 |
|
|a Rajhrad - benediktinský klášter
|
| 984 |
|
|
|a Vídeň
|b Rakousko
|
| 985 |
|
|
|a 1751-1800
|
| 990 |
|
|
|a BK
|
| 991 |
|
|
|k rajhrad
|
| 980 |
|
|
|c 225523
|g R - II. b. 1988
|1 328100225523
|p BN. 9369 ; W. II. e. 34
|
| 996 |
|
|
|e BOE950
|c R - II. b. 1988
|